| 000 | 02773nam a2200289 a 4500 | ||
|---|---|---|---|
| 001 | BRCA_2826 | ||
| 005 | 20190320204003.0 | ||
| 008 | 091208s1916----sp-#---###---#000-0#spa-u | ||
| 041 | _aspa | ||
| 044 | _asp | ||
| 084 |
_a262 _b.E87 _c1916 |
||
| 100 | 1 |
_aCervantes Saavedra, Miguel de _d1547-1616 _9213 |
|
| 245 | 1 | 0 |
_aEstudio histórico-topográfico de El Ingenioso Hidalgo Don Quixote de la Mancha _bdeducido de su lectura, y aplicando las leyendas de importantes sucesos y las consejas populares de la ´Región Beturiana´, con conocimiento exacto del terreno que describió Cervantes, donde la tradición conserva los nombres que justifican los pasajes más culminantes de esta fantástica obra _cMiguel de Cervantes Saavedra. |
| 260 |
_aMadrid _bImprenta Española _c1916 |
||
| 300 |
_a2 v. _c24 cm. |
||
| 500 | _aContenido : v 1. Primera parte. Advertencia al lector por Francisco de la Jara. Retrato de Cervantes por el mismo comentador. Prisión real de Cervantes. La Mancha. Vindicación de Beturia. Críticas y correcciones al libro. Preliminares íntegras de la edición Príncipe. Texto. -- v 2. Segunda parte. El Buscapié. Aviso por Hamete. Aprobaciones y prólogo de la obra de A. de Castro. Deducciones. Advertencia del comentador. Preliminares íntegras de la edición príncipe. Añadida de un capítulo por el comentador. Texto | ||
| 500 | _aPublicó esta edición Juan Francisco de la Jara y Sánchez de Molina, para restablecer el texto primitivo, tal y como salió de la pluma de su autor, y desembarazado, por tanto, de las alteraciones introducidas en él por anotadores cervantinos. Así lo afirma. Pero adopta por modelo el texto de la edición de 1608, o sea, la tercera de Cuesta, modernizando su ortografía; pone al frente del tomo segundo el Buscapié de Castro, que sostiene estar escrito por Cervantes sin aducir razones para probar su aserto, imposibles por otra parte, de encontrar, pues la crítica ha fallado ya terminantemente este ruidoso pleito, declarando ser apócrifa esa obra atribuida al genio alcalaíno; todo lo cual resulta disparatado incurriendo en el mismo error que fustiga y dando a muchos pasajes interpretaciones que, por descabelladas recuerdan las más estrafalarias y pintorescas del esoterismo agudo. Semitela; lomeras decoradas con filetes dorados Lúdovik Osterc | ||
| 500 | _aQMB36 | ||
| 650 | 1 | 4 |
_aNovela española _yÉpoca clásica, 1500-1700 _9215 |
| 650 | 1 | 4 |
_aLiteratura española _yÉpoca clásica, 1500-1700 _9216 |
| 650 | 1 | 4 |
_aNovela española _ySiglo XVII _9217 |
| 650 | 1 | 4 |
_aDon Quijote (Personaje ficticio) _eNovela _9218 |
| 700 | 1 |
_aJara y Sánchez de Molina, Juan Francisco de la _eAnotador _97925 |
|
| 740 | 0 | _aEl Ingenioso Hidalgo Don Quijote de la Mancha | |
| 902 | _aQFM | ||
| 942 |
_2lcc _cB |
||
| 999 |
_c2566 _d2566 |
||